| 000 | 00771nam1a22002291i 4500 | ||
|---|---|---|---|
| 001 | v19\rc\2063983 | ||
| 005 | 20240723120437.0 | ||
| 035 | _a(NLR Aleph) 005140278 | ||
| 090 |
_a4796141 _c4796141 |
||
| 100 | _a20081111d1910 |||y0rusy50 ca | ||
| 101 | 1 |
_arus _cfre |
|
| 102 | _aRU | ||
| 105 | _ay z ||||| | ||
| 200 | 1 |
_aПолное собрание сочинений _fОктав Мирбо |
|
| 210 |
_aМосква _cВ.М. Саблин _d1910 |
||
| 215 | _d19 | ||
| 300 | _aЧастное загл. тома на отд. тит. л., на обл. только частное загл. | ||
| 700 | 1 |
_aМирбо _bО. _f1848 или 1850-1917 _gОктав |
|
| 801 | 0 |
_aRU _bNLR _gpsbo |
|
| 801 | 1 |
_aRU _bProSoft-M _2rusmarc |
|
| 852 |
_aNLR _jЛ60/Б-3/77(т. 7) |
||
| 942 | _cBOOK | ||